Design principles for smoke ventilation in enclosed shopping centres (Record no. 89005)

MARC details
000 -LEADER
fixed length control field 00641cam a2200229 4500
008 - FIXED-LENGTH DATA ELEMENTS--GENERAL INFORMATION
fixed length control field 090401t1990 xxu||||| |||| 00| 0 eng d
020 ## - INTERNATIONAL STANDARD BOOK NUMBER
International Standard Book Number 0851254624
035 ## - SYSTEM CONTROL NUMBER
System control number (Sirsi) u26899
041 ## - LANGUAGE CODE
Language code of text/sound track or separate title eng
050 ## - LIBRARY OF CONGRESS CALL NUMBER
Classification number 693.82
100 ## - MAIN ENTRY--PERSONAL NAME
Personal name Morgan, H.P.
245 ## - TITLE STATEMENT
Title Design principles for smoke ventilation in enclosed shopping centres
260 ## - PUBLICATION, DISTRIBUTION, ETC.
Place of publication, distribution, etc. Borehamwood,Herts
Name of publisher, distributor, etc. Fire Research Station
Date of publication, distribution, etc. 1990
300 ## - PHYSICAL DESCRIPTION
Extent v,34p. : ill. ; 30cm.
350 ## - PRICE (NR) (BK AM CF MU VM SE) [OBSOLETE]
Price 25
650 ## - SUBJECT ADDED ENTRY--TOPICAL TERM
Topical term or geographic name entry element BUILT ENVIRONMENT-CONSTRUCTION DESIGN
650 ## - SUBJECT ADDED ENTRY--TOPICAL TERM
Topical term or geographic name entry element BUILDING RESEARCH ESTABLISHMENT
650 ## - SUBJECT ADDED ENTRY--TOPICAL TERM
Topical term or geographic name entry element FIRE
700 ## - ADDED ENTRY--PERSONAL NAME
Personal name Gardner, J.P.
942 ## - ADDED ENTRY ELEMENTS (KOHA)
Suppress in OPAC 0
948 ## - LOCAL PROCESSING INFORMATION (OCLC); SERIES PART DESIGNATOR (RLIN)
c (OCLC) 04/03/1997
Holdings
Withdrawn status Lost status Source of classification or shelving scheme Damaged status Not for loan Home library Current library Shelving location Date acquired Cost, normal purchase price Total Checkouts Full call number Barcode Date last seen Copy number Cost, replacement price Price effective from Koha item type
    Dewey Decimal Classification     London London Basement 14/09/1999 25.00   SHELF 202 30018661 06/08/2019 1 25.00 06/08/2019 Book